Catálogo

CANCIONERO POPULAR (Registro nro. 45392)

Detalles MARC
000 -LEADER
fixed length control field 01008nam a2200205 a 4500
001 - CONTROL NUMBER
control field 45392
005 - DATE AND TIME OF LATEST TRANSACTION
control field 20180714024554.0
008 - FIXED-LENGTH DATA ELEMENTS--GENERAL INFORMATION
fixed length control field 140415s2000 sp 000 0 spa d
020 ## - INTERNATIONAL STANDARD BOOK NUMBER
International Standard Book Number 8466001114
041 ## - LANGUAGE CODE
Language code of text/sound track or separate title spa
082 ## - DEWEY DECIMAL CLASSIFICATION NUMBER
Classification number 782.42163
Item number CAL
100 1# - MAIN ENTRY--PERSONAL NAME
Personal name CALLES VALES, JOSÉ
245 10 - TITLE STATEMENT
Title CANCIONERO POPULAR
250 ## - EDITION STATEMENT
Edition statement 1a ed.
260 ## - PUBLICATION, DISTRIBUTION, ETC.
Place of publication, distribution, etc. ESPAÑA :
Name of publisher, distributor, etc. LIBSA,
Date of publication, distribution, etc. 2000
300 ## - PHYSICAL DESCRIPTION
Extent 388
Dimensions 17.4 x 3 x 24.7
490 ## - SERIES STATEMENT
Series statement SECCION DE OBRAS DE SOCIOLOGIA
520 ## - SUMMARY, ETC.
Summary, etc. ESTA OBRA DE JOSÉ CALLES VALES CONTIENE UNA ESMERADA SELECCIÓN DE LAS CANCIONES POPULARES MÁS CONOCIDAS. LOS ROMANCES HABLAN CON LA ANTIGUA VOZ DE CABALLEROS Y PRINCESAS. LAS COPLAS HACEN REQUIEBROS AL AMOR Y SALPICAN DE GRACIA LOS ENCUENTROS ENTRE AMANTES. EL PASTOR Y EL LABRIEGO CANTAN TAMBIEN EN ESTAS PÁGINAS Y CELEBRAN LA FIESTA AL RITMO DEL TAMBORIL Y LA DULZAINA. Y LOS NIÑOS FORMAN ALGARABÍA EN LOS PATIOS ENTRE BRINCOS Y RISAS ; O ACUDEN EN NAVIDAD, PUERTA TRAS PUERTA, A PEDIR
650 14 - SUBJECT ADDED ENTRY--TOPICAL TERM
Topical term or geographic name entry element CANCIONES
Existencias
Withdrawn status Lost status Source of classification or shelving scheme Damaged status Not for loan Collection code Home library Current library Shelving location Date acquired Source of acquisition Inventory number Total Checkouts Full call number Barcode Date last seen Price effective from Koha item type
    Dewey Decimal Classification     General Biblioteca Karol Wojtyla Biblioteca Karol Wojtyla Sala general 03/12/2013 Compra 151000000000000000022500   782.42163 CAL 68245 05/01/2026 03/12/2013 Libro